|
|
|
|
| LEADER |
01012nam a2200265Ia 4500 |
| 008 |
240830s9999 xx 000 0 und d |
| 040 |
|
|
|a CEDOC DACA-RUSB / Mon 620.86 P649
|
| 041 |
|
|
|a spa
|
| 082 |
|
|
|a Mon 620.86 P649
|
| 100 |
1 |
|
|a Pineda Cisneros, Yanina Leonor
|
| 100 |
1 |
|
|b Guardado Aguilar, Oscar Israel
|
| 245 |
1 |
0 |
|a Diseño de un plan de intervención en materia de higiene y seguridad de trabajo en los laboratorios de alimento, ambiente y proceso de la facultad de Ingeniería Química
|
| 260 |
|
|
|a Managua
|b UNI
|c 2009
|
| 300 |
|
|
|a 106 p. :il
|
| 500 |
|
|
|a Contiene anexos
|
| 502 |
|
|
|a Tesis (Ingeniero Químico) -UNI, 2009.
|
| 650 |
7 |
|
|a SEGURIDAD INDUSTRIAL - LABORATORIOS DE QUIMICA
|
| 650 |
7 |
|
|b LABORATORIOS - MEDIDAS DE SEGURIDAD.
|
| 650 |
7 |
|
|c TÉCNICAS DE SEGURIDAD - TRABAJO.
|
| 650 |
7 |
|
|d PRODUCTOS QUÍMICOS - MEDIDAS DE SEGURIDAD.
|
| 650 |
7 |
|
|e SEÑALES DE SEGURIDAD
|
| 700 |
1 |
|
|a Tutor:
|b Gutiérrez Martínez, Marbel
|
| 942 |
|
|
|c BK
|2 ddc
|
| 991 |
|
|
|a TESIS
|
| 999 |
|
|
|c 26267
|